Učebný pomer a osobitné pracovné podmienky mladistvých

Gespeichert in:
Bibliographische Detailangaben
1. Verfasser: Polášek, Jan
Weitere Verfasser: Kalenská, Marie
Format: Buch
Sprache:Slowakisch
Veröffentlicht: Bratislava Práca 1967
Schriftenreihe:Knižnica mzdových a pracovných príručiek zv. 5/67
Tags: Tag hinzufügen
Keine Tags, Fügen Sie das erste Tag hinzu!

MARC

LEADER 00000nam a2200000 4500
001 c122011
005 20050301104101.6
041 0 |a slo 
044 |a SK 
245 1 0 |a Učebný pomer a osobitné pracovné podmienky mladistvých  |c Jan Polášek a Marie Kalenská 
264 1 |a Bratislava  |b Práca  |c 1967 
300 |a 158 s. 
490 1 |a Knižnica mzdových a pracovných príručiek  |v zv. 5/67 
830 0 |a Knižnica mzdových a pracovných príručiek  |v zv. 5/67 
100 1 |a Polášek, Jan 
700 1 |a Kalenská, Marie